Ελλάδα - Κουίζ Χώρας - Statistics

General Stats
  • This quiz has been taken 86 times
  • The average score is 26 of 30
Answer Stats
Βοήθεια Απάντηση % Correct
Πρωτεύουσα Αθήνα
100%
Πόλη του Μαντείου Δελφοί
96%
Συγγραφέας της Ιλιάδας Όμηρος
96%
Πόλη που ήταν νικήτρια του Πελοποννησιακού Πολέμου Σπάρτη
94%
Πρωήν νόμισμα Δραχμή
94%
Λαχανικό από το οποίο φτιάχνεται ο Μουσακάς Μελιτζάνα
94%
Ήρωας που ολοκλήρωσε 12 άθλους Ηρακλής
94%
Τι φιλοξένησε η Ελλάδα το 1896 και το 2004 Θερινούς Ολυμπιακούς Αγώνες
93%
Πατρίδα του Οδυσσέα Ιθάκη
93%
Αρχαίος φιλόσοφος που καταδικάστηκε να πιει κώνειο Σωκράτης
91%
Μινωικός Πολιτισμός Κρήτη
91%
Άγαλμα Κολοσσού Ρόδος
91%
Χώρα που Συνορεύει Αλβανία
91%
Χώρα που Συνορεύει Βουλγαρία
91%
Θεός της Θάλασσας Ποσειδώνας
90%
Χώρα που Συνορεύει Τουρκία
90%
Θεός του Πολέμου Άρης
88%
Θεά του Κυνήγιου Άρτεμις
88%
Θεά της Αγάπης και της Ομορφιάς Αφροδίτη
88%
Θεός του Κάτω Κόσμου Άδης
88%
Θεός του Ουρανού και Κεραυνού Δίας
87%
Θάλασσα μεταξύ Ελλάδα και Τουρκία Αιγαίο Πέλαγος
84%
Μεγιστάνας της ναυτιλίας πουπαντρεύτηκε την Τζάκι Κένεντι Αριστοτέλης Ωνάσης
84%
Χώρα που Συνορεύει Βόρεια Μακεδονία
84%
Κατακτητής της Περσίας Μέγας Αλέξανδρος
81%
Αυτοκρατορία από που ανεξαρτήθηκεη Ελλάδα, το 1830 Οθωμανική
78%
Πιο διάσημος ναός Παρθενώνας
76%
Είπε "Εύρηκα!" ενώ λούζονταν Αρχιμήδης
71%
Γενέτειρα της Σαπφώ Λέσβος
69%
Βασίλειο από που προέρχεται ο επάνω Μακεδονία
56%
No matching quizzes found
Score Distribution
Percent of People with Each Score
Percentile by Number Answered
Your Score History
You have not taken this quiz